00617nam a2200193Ia 450000500170000000800410001704000190005804100120007708200200008924500740010926000390018330000120022244000330023450400500026765000190031765100530033670000240038985000100041320221125110151.0131103s9999 xx 000 0 und d aLoreto College aEnglish a821.7bWOR- MAC aWilliam Wordsworthb a critical anthology cedited by Graham McMaster aHarmondsworthbPenguin Booksc1972 a552 p.  aPenguin Critical Anthologies aIncludes bibliographical references and index aEnglish Poetry a1770 - 1850 - Wordsworth - History and Criticism aMcMaster,Graham,ed. aLCLIB